Online
Catalog

Víctor Hugo : (Record no. 21405)

MARC details
000 -CABECERA
campo de control de longitud fija 00890nam a2200241 a 4500
001 - NÚMERO DE CONTROL
campo de control 000021907
005 - FECHA Y HORA DE LA ÚLTIMA TRANSACCIÓN
campo de control 20200930011511.0
008 - DATOS DE LONGITUD FIJA--INFORMACIÓN GENERAL
campo de control de longitud fija 100914s1958 mx a r 000 | spa d
040 ## - FUENTE DE LA CATALOGACIÓN
Centro catalogador/agencia de origen DO-SdBNP
Lengua de catalogación spa
Centro/agencia transcriptor BNPHU
082 ## - NÚMERO DE LA CLASIFICACIÓN DECIMAL DEWEY
Número de clasificación 928.44
Número de documento/Ítem H895p
049 ## - FONDOS LOCALES (OCLC)
Fondos de biblioteca BNGR
240 10 - TÍTULO UNIFORME
Título uniforme Víctor Hugo par Lui-Même
Lenguaje de la obra español
245 10 - MENCIÓN DE TÍTULO
Título Víctor Hugo :
Resto del título por él mismo /
Mención de responsabilidad, etc. ilustrado por Henri Guillemin; traducción de Aurelio Garzón del Camino.
260 ## - PUBLICACIÓN, DISTRIBUCIÓN, ETC.
Lugar de publicación, distribución, etc. México D. F. :
Nombre del editor, distribuidor, etc. Compañia General de Editores,
Fecha de publicación, distribución, etc. 1958.
300 ## - DESCRIPCIÓN FÍSICA
Extensión 202 p. :
Otras características físicas il. ;
Dimensiones 18 cm.
490 1# - MENCIÓN DE SERIE
Mención de serie Escritores de Siempre;
Designación de volumen o secuencia 1
500 ## - NOTA GENERAL
Nota general Incluye notas y referencias al pie de páginas
534 ## - NOTA SOBRE LA VERSIÓN ORIGINAL
Encabezamiento principal del original Título :
Mención de título del original Victor Hugo par Lui-Même
600 10 - PUNTO DE ACCESO ADICIONAL DE MATERIA--NOMBRE DE PERSONA
Nombre de persona HUGO, VÍCTOR,
Fechas asociadas al nombre 1802-1885
9 (RLIN) 45459
700 1# - PUNTO DE ACCESO ADICIONAL--NOMBRE DE PERSONA
Nombre de persona Guillemin, Henri
Término indicativo de función/relación il.
9 (RLIN) 45460
700 1# - PUNTO DE ACCESO ADICIONAL--NOMBRE DE PERSONA
Nombre de persona Garzón del Camino, Aurelio
Término indicativo de función/relación tr.
9 (RLIN) 40620
830 #0 - PUNTO DE ACCESO ADICIONAL DE SERIE-TÍTULO UNIFORME
Título uniforme Escritores de Siempre
Designación de volumen o secuencia 1
9 (RLIN) 45461
Holdings
Estado de retiro Estado de pérdida Restricciones de uso No para préstamo Código de colección Localización permanente Ubicación/localización actual Ubicación en estantería Fecha de adquisición Número de inventario Total de préstamos Signatura topográfica completa Código de barras Fecha visto por última vez Precio válido a partir de Tipo de ítem Koha
      Excluido de préstamo Monografías: Libros y Folletos General General En catalogación 14.09.2010 LF1   928.44 H895p 21907-10 25.06.2020 25.06.2020 No se presta

Powered by Koha